Aufstieg und Niedergang von Nationen Ökonomisches Wachstum, Stagflation und soziale Starrheit

Saved in:
Bibliographic Details
Main Author: Olson, Mancur
Other Authors: Fleischmann, Gerd
Format: Book
Language:German
Published: Tübingen Mohr 1991
Edition:2. durchges. Aufl.
Series:<Die> Einheit der Gesellschaftswissenschaften Bd. 42
Subjects:
Tags: Add Tag
No Tags, Be the first to tag this record!

MARC

LEADER 00000nam a2200000 4500
001 c017739
005 20221206114426.3
020 |a 3-16-145751-X 
041 0 |a ger 
044 |a DE 
245 1 0 |a Aufstieg und Niedergang von Nationen  |b Ökonomisches Wachstum, Stagflation und soziale Starrheit  |c Mancur Olson ; [Z angl. prel.] Gerd Fleischmann 
250 |a 2. durchges. Aufl. 
264 1 |a Tübingen  |b Mohr  |c 1991 
300 |a 328 s. 
490 1 |a <Die> Einheit der Gesellschaftswissenschaften  |v Bd. 42 
830 0 |a <Die> Einheit der Gesellschaftswissenschaften  |v Bd. 42 
610 2 0 |a rast hospodársky 
610 2 0 |a stagflácia 
610 2 0 |a potreby sociálne 
610 2 0 |a potreby spoločenské 
610 2 0 |a história 
610 2 0 |a údaje štatistické 
610 2 0 |a vývoj hospodársky 
610 2 0 |a vývoj spoločenský 
610 2 0 |a vývoj štruktúry hospodárskej 
610 2 0 |a nezamestnanosť 
610 2 0 |a diskriminácia 
610 2 0 |a konjunktúra 
610 2 0 |a demokracia 
610 2 0 |a spoločnosť 
610 2 0 |a politika hospodárska medzinárodná 
100 1 |a Olson, Mancur 
700 1 |a Fleischmann, Gerd